Affrontez l'Alphabet #9 - Statistiques

Statistiques générales
  • Ce quiz a été pris 143 fois
  • Le résultat moyen est 7 sur 11
Statistiques - réponses
Hint Réponse % Correct
Donne les 2 lettres manquantes du nom de ce film de 2006 : _ _mping
CA / AC
100%
Donne les 2 lettres manquantes dans le nom de ce cocktail à base de tequila, inventé par des Américains au Mexique : _ar_arita
MG / GM
95%
Donne les 2 lettres manquantes dans le nom de l'émission TV dont voici l'extrait d'une bande annonce : C'est mon c_oi_
HX / XH
92%
Donne les 2 lettres manquantes dans le nom de ce tableau de Vincent van Gogh de 1889 : La _ui_ étoilée
NT /TN
92%
Donne les 2 lettres qui complètent les paroles de la chanson "Casser la voix" de Patrick Bruel : J'peux plus croire tout c'qui est marqué sur les m_ _s J'peux plus voir, la vie des autres même en peinture J'suis pas là pour les sourires d'après minuit M'en veux pas, si ce soir, j'ai envie Casser la voix Casser la voix Casser la voix Casser la voix UR / RU
89%
Donne les 2 lettres manquantes dans la locution latine qui veut dire « De la même façon» : _uasimo_o QD / DQ
83%
Donne les 2 lettres manquantes dans le nom de cette série TV américaine de 109 épisodes (2003-2010) : Ni_/Tuc_
PK / KP
42%
Donne les 2 lettres manquantes dans le slogan de François Mitterrand à la présidentielle de 1981 : La _ _rce tranquille FO / OF
41%
Donne les 2 lettres manquantes dans le nom de cette région du Canada en rouge : le Nouveau-Brun_ _ick
SW / WS
31%
Donne les 2 lettres manquantes dans le nom du club de football russe qui marque dans cet extrait : _ _nith Saint-Pétersbourg
ZE / EZ
31%
Dernière Question : Donne la première lettre du prénom : - de l'ex footballeur international français nommé Cabaye - de l'auteur-compositeur, musicien et producteur français nommé Tiersen Y (Yohan et Yann)
25%
Aucun quiz correspondant
Distribution des résultats
% des personnes avec chaque résultat
Percentile par nombre de réponses
Votre historique - résultats
Vous n’avez pas pris ce quiz